Academy of Management Review (Record no. 522764)
[ view plain ]
| 000 -LEADER | |
|---|---|
| fixed length control field | 00330nam a22001337a 4500 |
| 082 ## - DEWEY DECIMAL CLASSIFICATION NUMBER | |
| Classification number | 658 |
| Author Mark | AM |
| 110 ## - MAIN ENTRY--CORPORATE NAME | |
| Corporate name or jurisdiction name as entry element | Academy of Management |
| 245 ## - TITLE STATEMENT | |
| Title | Academy of Management Review |
| 260 ## - PUBLICATION, DISTRIBUTION, ETC. (IMPRINT) | |
| Name of publisher, distributor, etc | Palmyra |
| Date of publication, distribution, etc | July 2015 |
| 300 ## - PHYSICAL DESCRIPTION | |
| Extent | 315-494 |
| 650 ## - SUBJECT ADDED ENTRY--TOPICAL TERM | |
| Topical term or geographic name as entry element | Management |
| 710 ## - ADDED ENTRY--CORPORATE NAME | |
| Corporate name or jurisdiction name as entry element | Academy of Management |
| 942 ## - ADDED ENTRY ELEMENTS (KOHA) | |
| Koha item type | Continuing Resources |
| Damaged status | Not for loan | Permanent Location | Current Location | Date acquired | Full call number | Barcode | Koha item type |
|---|---|---|---|---|---|---|---|
| Central Library (CL) | Central Library (CL) | 03/05/2019 | 658 AM | NBSJ-1 | Continuing Resources | ||
| Central Library (CL) | Central Library (CL) | 03/05/2019 | 658 AM | NBSJ-2 | Continuing Resources | ||
| Central Library (CL) | Central Library (CL) | 03/05/2019 | 658 AM | NBSJ-3 | Continuing Resources | ||
| Central Library (CL) | Central Library (CL) | 03/05/2019 | 658 AM | NBSJ-4 | Continuing Resources |
